00401 2200169 4500245003000000020001800030250001100048100002300059700002000082650002000102005001900122260003000141041001400171084000800185300002900193336000900222 aCinta PertamacOkkehText a979-780-064-4 aCet. 3 aOkke "Sepatumerah" aFayola Septiani aNovel Indonesia a20230124103601 aJakartabGagasMediac2006 aIndonesia a813 aviii, 150 hlm. :c19 cm. atext